Regina José Galindo (Record no. 931)

MARC details
000 -LEADER
campo de control de longitud fija 00751nam a22002297a 4500
008 - DATOS DE LONGITUD FIJA--INFORMACIÓN GENERAL
campo de control de longitud fija 160601b xxu||||| |||| 00| 0 eng d
020 ## - NÚMERO INTERNACIONAL ESTÁNDAR DEL LIBRO
Número Internacional Estándar del Libro 8860570093
020 ## - NÚMERO INTERNACIONAL ESTÁNDAR DEL LIBRO
Número Internacional Estándar del Libro 9788860570093
082 ## - NÚMERO DE LA CLASIFICACIÓN DECIMAL DEWEY
Número de clasificación 709.040.755
Número de ítem G158r
100 ## - ENTRADA PRINCIPAL--NOMBRE DE PERSONA
Nombre de persona Regina José Galindo; Livia Savorelli
9 (RLIN) 5104
245 ## - MENCIÓN DEL TÍTULO
Título Regina José Galindo
Mención de responsabilidad, etc. Regina José Galindo; Livia Savorelli
260 ## - PUBLICACIÓN, DISTRIBUCIÓN, ETC.
Lugar de publicación, distribución, etc. Milan
Nombre del editor, distribuidor, etc. Vanilla ediziioni
Fecha de publicación, distribución, etc. 2006
300 ## - DESCRIPCIÓN FÍSICA
Extensión unpaged
Otras características físicas illustrations (some color)
Dimensiones 25 cm
440 ## - MENCIÓN DE SERIE/PUNTO DE ACCESO ADICIONAL--TÍTULO
Designación de volumen o secuencia 1
9 (RLIN) 5105
650 ## - PUNTO DE ACCESO ADICIONAL DE MATERIA--TÉRMINO DE MATERIA
Término de materia o nombre geográfico como elemento de entrada Regina José Galindo
Subdivisión general Exhibiciones
Subdivisión cronológica 2006
Subdivisión geográfica Milan
9 (RLIN) 5106
653 ## - TÉRMINO DE INDIZACIÓN--NO CONTROLADO
Término no controlado Arte-Guatemala
653 ## - TÉRMINO DE INDIZACIÓN--NO CONTROLADO
Término no controlado Arte - performance
653 ## - TÉRMINO DE INDIZACIÓN--NO CONTROLADO
Término no controlado Arte-Guatemala
653 ## - TÉRMINO DE INDIZACIÓN--NO CONTROLADO
Término no controlado Artistas guatemaltecos
700 ## - ENTRADA AGREGADA--NOMBRE PERSONAL
Nombre de persona Regina José Galindo
9 (RLIN) 5107
700 ## - ENTRADA AGREGADA--NOMBRE PERSONAL
Nombre de persona Livia Savorelli
9 (RLIN) 5108
Holdings
Estatus retirado Estado de pérdida Fuente del sistema de clasificación o colocación Estado de daño No para préstamo Biblioteca de origen Biblioteca actual Ubicación en estantería Fecha de adquisición Total de préstamos Signatura topográfica completa Código de barras Visto por última vez Precio de reemplazo Tipo de ítem Koha
    Clasificación Decimal Dewey     Biblioteca LadoV Biblioteca LadoV   01/06/2016   709.040.755 G158r 000773 01/06/2016 01/06/2016 Material 01